000 00586nam a2200217Ia 4500
003 OSt
005 20220928141633.0
006 a|||||r|||| 00| 0
007 ta
008 220927b |||||||| |||| 00| 0 eng d
024 _a16446
037 _cTextual
040 _aSDCL
_cSDCL
_beng
041 _2eng
_aeng
082 _aX:82, M2
100 _aMidgley Kenneth Ed.
_9501282
245 0 _aManagement accountability and corporate governance
_b Selected readings
260 _c1982
942 _hX:82, M2
_cTEXL
_2CC
999 _c818799
_d818799